| 000 | 00500nam a2200181Ia 4500 | ||
|---|---|---|---|
| 008 | 240925s9999 xx 000 0 und d | ||
| 020 | _a1575760029 | ||
| 082 | _a005.369 WEI | ||
| 100 | _aWeixel, Suxzanne | ||
| 245 | 0 | _aExcel for Windows 95 Essentials | |
| 250 | _aNA | ||
| 260 |
_aIndiana: _bQUE Corporation _c,1996. |
||
| 300 |
_aVarious pages _bNA _fOriginal |
||
| 500 | _aIncludes Index | ||
| 600 | _aComputer Science | ||
| 650 | _aComputer science, information & general works | ||
| 942 | _cBK | ||
| 999 |
_c5352 _d5352 |
||